[Event "Karl Mala Memorial op 09th"]
[Site "Frankfurt"]
[Date "2005.07.28"]
[Round "1"]
[White "Spinnler, Wolfgang"]
[Black "Tierling, Detlef"]
[Result "0-1"]
[WhiteElo "1414"]
[BlackElo "2044"]
[PlyCount "72"]
[EventDate "2005.07.28"]
[EventType "swiss"]
[EventRounds "7"]
[EventCountry "GER"]
[SourceTitle "EXT 2006"]
[Source "ChessBase"]
[SourceDate "2005.11.24"]
[SourceVersion "1"]
[SourceVersionDate "2005.11.24"]
[SourceQuality "1"]

1. d4 f5 2. c4 Nf6 3. g3 e6 4. Nc3 Be7 5. Nf3 0-0 6. Bg2 d5 7. b3 c6 8. 0-0 Na6 9. Ne5 Qe8 10. a3 Nc7 11. c5 Ng4 12. Nxg4 fxg4 13. Bf4 Qd8 14. e4 Ne8 15. e5 h5 16. f3 g5 17. Be3 gxf3 18. Rxf3 Rxf3 19. Qxf3 Ng7 20. Rf1 Qe8 21. Nd1 b6 22. Qe2 a5 23. Qd2 bxc5 24. dxc5 Nf5 25. Bxg5 Bxc5+ 26. Be3 d4 27. Bxd4 Bxd4+ 28. Kh1 Ba6 29. Qg5+ Kh7 30. Rf4 Qg6 31. Qxg6+ Kxg6 32. Bxc6 Rc8 33. Bf3 Rc1 34. g4 Kg5 35. Rxf5+ exf5 36. e6 Rxd1+ 0-1